| 000 | 00546nam a2200229Ia 4500 | ||
|---|---|---|---|
| 005 | 20251020182525.0 | ||
| 008 | 200515s9999 xx 000 0 und d | ||
| 082 | _a691.330/O74 | ||
| 100 | _aORTEGA GARCIA, Juan | ||
| 245 | 0 | _aConcreto armado I : adaptado a los programas de estudio de las universidades | |
| 260 | _aLima | ||
| 260 | _c2001 | ||
| 500 | _a1 ejemplar | ||
| 650 | _aACI-318 | ||
| 650 | _aCONCRETO | ||
| 650 | _aCONCRETO ARMADO | ||
| 650 | _aLIB | ||
| 650 | _aLIB | ||
| 650 | _aLOSAS | ||
| 650 | _aVIGAS | ||
| 942 | _cLIB | ||
| 999 |
_c1879 _d1879 |
||